Normal view MARC view

Entry Personal Name

Number of records used in: 1

001 - CONTROL NUMBER

  • control field: 22399

003 - CONTROL NUMBER IDENTIFIER

  • control field: dpl

005 - DATE AND TIME OF LATEST TRANSACTION

  • control field: 20100929141436.0

008 - FIXED-LENGTH DATA ELEMENTS

  • fixed length control field: 100929|||a|||||| | ||| d

040 ## - CATALOGING SOURCE

  • Original cataloging agency: dpl
  • Transcribing agency: dpl

100 ## - HEADING--PERSONAL NAME

  • Personal name: मिश्रा, प्रसिद्ध कुमार

670 ## - SOURCE DATA FOUND

  • Source citation: Work cat.: (dpl)33813: मिश्रा, प्रसिद्ध कुमार, पुस्तकालय विज्ञान के सिद्धान्त /, 2008

670 ## - SOURCE DATA FOUND

  • Source citation: Work cat.: (dpl)33813: मिश्रा, प्रसिद्ध कुमार, पुस्तकालय विज्ञान के सिद्धान्त /, 2008

© Delhi Public Library
Hit Counter
free hit counter